VI Seminario Internacional Forum Unesco

Guardado en:
Detalles Bibliográficos
Autor Corporativo: UNESCO (Autor)
Formato: Libro
Lenguaje:español
Publicado: Valencia Universidad Politécnica Valencia 2002
Edición:1a. ed
Materias:
Etiquetas: Agregar Etiqueta
Sin Etiquetas, Sea el primero en etiquetar este registro!

MARC

LEADER 00000nam a2200000 a 4500
001 UCI6391
003 CL-VaPUC
005 20210626001453.0
008 080430e20020000sp 1 spa d
020 |a 8497052188v.1 
020 |a 849705220Xv.3 
020 |a 8479052226 dvd 
082 0 4 |a 306.4  |b UNE  |2 21 
110 2 |a UNESCO  |e author  |9 621195 
245 1 0 |a VI Seminario Internacional Forum Unesco 
250 |a 1a. ed 
260 |a Valencia  |b Universidad Politécnica Valencia  |c 2002 
300 |a v 
500 |a v.1: Actas Proccedings Actes 
500 |a v.3: Libro de comunicaciones, 1a parte; Prpers book, 1a part; Livres des rapports, 1ere partie 
500 |a Incluye un DVD 
583 |a last modification  |c 20190828 10:45:17  |k Rodrigo Vera 
650 0 0 |a Patrimonio cultural  |9 309364 
942 |c BK 
945 |a jtorresc  |d 20080430 00:00:00 
546 |a En Español 
536 |a Universidad Politécnica de Valencia 
518 |p Seminario Internacional, 6, Valencia, 10-15 Septiembre de 2001 
999 |c 384352  |d 384350 
952 |0 0  |1 0  |4 0  |6 306_400000000000000_UNE_2002  |7 0  |8 X  |9 507015  |a FDOMLP  |b FDOMLP  |d 2020-01-23  |h dvd  |i 4436326  |o 306.4 UNE 2002  |p 4436326  |r 2020-01-23  |w 2020-01-23  |y BK_X  |k BU2 
952 |0 0  |1 0  |4 0  |6 306_400000000000000_UNE_2002  |7 0  |8 X  |9 507016  |a FDOMLP  |b FDOMLP  |d 2020-01-23  |h v.1  |i 4436342  |o 306.4 UNE 2002  |p 4436342  |r 2020-01-23  |w 2020-01-23  |y BK_X  |k BU2 
952 |0 0  |1 0  |4 0  |6 306_400000000000000_UNE_2002  |7 0  |8 X  |9 507017  |a FDOMLP  |b FDOMLP  |d 2020-01-23  |h v.3  |i 4436350  |o 306.4 UNE 2002  |p 4436350  |r 2020-01-23  |w 2020-01-23  |y BK_X  |k BU2